000 00617nam a2200217Ia 4500
001 1021
003 GE_BSU
008 181216s||||||||xx |||||||||||||| ||und||
020 _a5903182062
040 _cGE_BSU
080 _a61
100 _aРоджерс,Карл
245 _aКонсультирование и психотерапия.Новейшие подходы в области практической работы.
260 _aМосква
260 _bПсихотерапия
260 _c2006
300 _a508 с.
541 _h15 л.
653 _aПсихотерапия
942 _cBK
999 _c35176
_d35176